[Event "Zweibruecken PSB-ch HT3 82nd"]
[Site "Zweibruecken"]
[Date "2013.03.22"]
[Round "1"]
[White "Anton, Juergen"]
[Black "Schmitt, Martin"]
[Result "1-0"]
[WhiteElo "1637"]
[BlackElo "932"]
[PlyCount "45"]
[EventDate "2013.??.??"]
[EventType "swiss"]
[EventRounds "7"]
[EventCountry "GER"]
[SourceTitle "EXT 2014"]
[Source "ChessBase"]
[SourceDate "2013.11.20"]
[SourceVersion "1"]
[SourceVersionDate "2013.11.20"]
[SourceQuality "1"]

1. e4 e5 2. d4 f6 3. dxe5 fxe5 4. Qh5+ g6 5. Qxe5+ Qe7 6. Qxh8 Qxe4+ 7. Ne2 Qe6 8. Nbc3 Qf7 9. Bf4 d6 10. 0-0-0 h5 11. Qd4 Nc6 12. Qe4+ Be6 13. Nd4 Nf6 14. Qxe6+ Qxe6 15. Nxe6 Kd7 16. Nxf8+ Rxf8 17. Bb5 a6 18. Bxc6+ Kxc6 19. f3 Kd7 20. Bg5 Ne8 21. Rhe1 Kc8 22. Re7 b6 23. Rde1 1-0